Metallica - Moth Into Flame lyrics - Statistics

General Stats
  • This quiz has been taken 5 times
  • The average score is 180 of 268
Answer Stats
Answer % Correct
a
100%
A
100%
again
100%
all
100%
all?
100%
and
100%
at
100%
away
100%
black
100%
Blacked
100%
Built
100%
Burn
100%
by
100%
cares
100%
fall
100%
fame
100%
flame
100%
high
100%
High
100%
higher
100%
in
100%
into
100%
moth
100%
no
100%
Now
100%
out,
100%
rise
100%
Seduce
100%
Seduced
100%
So
100%
Sold
100%
soul
100%
The
100%
the
100%
to
100%
wall
100%
Who
100%
Yesterday
100%
you
100%
your
100%
You're
100%
you're
100%
Bulletproof,
67%
but
67%
falling,
67%
flying
67%
for
67%
go
67%
going
67%
it
67%
kill
67%
Light
67%
light
67%
pop
67%
queen,
67%
Same
67%
think
67%
up,
67%
up
67%
absolution
33%
amphetamine
33%
Another
33%
builds
33%
Destruction
33%
destruction
33%
do
33%
does
33%
erases
33%
filled
33%
gasoline
33%
grave
33%
Guarantee
33%
hearse
33%
hit
33%
limousine
33%
murderer
33%
murdering
33%
name,
33%
oh,
33%
pain
33%
scene,
33%
seduction
33%
silence
33%
thrown
33%
timeless
33%
times
33%
truth
33%
with
33%
yourself
33%
ah,
0%
around
0%
backstabbing
0%
crashed
0%
death
0%
Death
0%
Decadence,
0%
delusion
0%
doused
0%
excuse
0%
feast
0%
fistful
0%
If
0%
Infamy,
0%
innocence
0%
insecurity
0%
is
0%
of
0%
on
0%
one
0%
Overdose
0%
pathway
0%
Perjurer,
0%
publicity
0%
ruin
0%
screams
0%
shame
0%
She
0%
spiral
0%
starts
0%
still
0%
Tapped
0%
tell
0%
that
0%
Twisted,
0%
Vaccine,
0%
viral
0%
vultures
0%
wicked
0%
will
0%
won't
0%
No matching quizzes found
Score Distribution
Percent of People with Each Score
Percentile by Number Answered
Your Score History
You have not taken this quiz